| 000 | 00978nam a22003377a 4500 | ||
|---|---|---|---|
| 001 | BR0501436 | ||
| 003 | BR-BrBNA | ||
| 005 | 20230928101847.0 | ||
| 007 | ta | ||
| 008 | 230509b bl.||||| |||| 00| 0 por d | ||
| 040 |
_aBR-BrBNA _bpor _cBiblioteca Nacional de Agricultura |
||
| 041 | _a(Por) | ||
| 072 |
_aL02; L51 _b5214 _b8954 |
||
| 090 | _ 5214 BR0501436 | ||
| 100 | 1 | _aSantos, M. | |
| 110 | 1 |
_aUniversidade Federal de Lavras, MG (Brasil) _0Tese (Mestrado) |
|
| 245 | 1 | _aAvaliação de rações com diferentes formas físicas para bezerros leiteiros | |
| 260 | 3 |
_aLavras, MG (Brasil): _c2004. |
|
| 300 | _a55 p. | ||
| 500 | _aSummaries (Eng, Por); 48 ref.; 37 tables | ||
| 650 | _aBEZERRO LEITEIRO | ||
| 650 | _aNUTRIÇÃO ANIMAL | ||
| 650 | _aEFICIÊNCIA NUTRICIONAL | ||
| 650 | _aDESMAMA | ||
| 650 | _aALIMENTO CONCENTRADO | ||
| 650 | _aFENO | ||
| 650 | _aRUMINAÇÃO | ||
| 650 | _aDIGESTÃO | ||
| 909 |
_a202309 _bLucia _c55 _dLucia Elande |
||
| 942 | _cBK | ||
| 999 |
_c67936 _d67936 |
||